000 01127cam a22002774a 4500
999 _c234169
_d234169
001 13080655
003 Nust
005 20170314184120.0
008 030204s2003 maua 000 0 eng
010 _a 2003002346
020 _a9780553212785
040 _aDLC
_cDLC
_dDLC
041 1 _aeng
_hita
042 _apcc
050 0 0 _aJC143
_b.M3813 2003
082 0 0 _a320.01
_bMAC
100 1 _aMachiavelli, Niccolò,
_d1469-1527.
240 1 0 _aPrincipe.
_lEnglish
245 1 4 _aThe prince /
_cNicolò Machiavelli ;
260 _aBoston :
_bDante University Press,
_c2003.
300 _a166 p. :
_c18 cm.
650 0 _aPolitical science
_vEarly works to 1800.
650 0 _aPolitical ethics
_vEarly works to 1800.
700 1 _aGoodwin, Rufus.
906 _a7
_bcbc
_corignew
_d1
_eecip
_f20
_gy-gencatlg
942 _2ddc
_cBK